Algae (Record no. 40992)

MARC details
000 -LEADER
fixed length control field 00470nam a2200193Ia 4500
008 - FIXED-LENGTH DATA ELEMENTS--GENERAL INFORMATION
fixed length control field 220531s9999 xx 000 0 und d
041 ## - LANGUAGE CODE
Language code of text/sound track or separate title eng
082 ## - DEWEY DECIMAL CLASSIFICATION NUMBER
Classification number -
Item number ALG / VAS
100 ## - MAIN ENTRY--PERSONAL NAME
Personal name Vashishta, B. R.
9 (RLIN) 73525
245 ## - TITLE STATEMENT
Title Algae
250 ## - EDITION STATEMENT
Edition statement 1ST
260 ## - PUBLICATION, DISTRIBUTION, ETC. (IMPRINT)
Place of publication, distribution, etc. New Delhi
Name of publisher, distributor, etc. S. Chand & Com.
Date of publication, distribution, etc. 2014
300 ## - PHYSICAL DESCRIPTION
Extent 612
542 ## - INFORMATION RELATING TO COPYRIGHT STATUS
Copyright holder 11-08-2017
551 ## -
-- Science
-- Non-grant-SCI
650 ## - SUBJECT ADDED ENTRY--TOPICAL TERM
Topical term or geographic name as entry element Botany
9 (RLIN) 73526
906 ## - LOCAL DATA ELEMENT F, LDF (RLIN)
d 2017-2018
f 11022
Holdings
Withdrawn status Lost status Source of classification or shelving scheme Damaged status Not for loan Collection code Home library Current library Date acquired Vendor Cost, normal purchase price Total Checkouts Total Holds Full call number Barcode Date last seen Cost, replacement price Bill Date Koha item type Original Barcode
    Dewey Decimal Classification       Shri Siddhivinayak Mahila Mahavidyalaya Shri Siddhivinayak Mahila Mahavidyalaya 24/08/2017 Creative Book Service 495.00   1 -/ALG/VAS/B/21610 SSMM-BK-21610 06/08/2022 495.00 06/08/2022 Books 010021610